Normal view
MARC view
- Singal,R.K
Entry Personal Name
001 - CONTROL NUMBER
- control field: 86680
003 - CONTROL NUMBER IDENTIFIER
- control field: NUST
005 - DATE AND TIME OF LATEST TRANSACTION
- control field: 20211215154845.0
008 - FIXED-LENGTH DATA ELEMENTS
- fixed length control field: 211215|| aca||aabn | a|a d
040 ## - CATALOGING SOURCE
- Original cataloging agency: NUST
- Transcribing agency: NUST
100 ## - HEADING--PERSONAL NAME
- Personal name: Singal,R.K
670 ## - SOURCE DATA FOUND
- Source citation: Work cat.: (NUST)32381: Singal,R.K, Workshop Manual, 2010.
